Skocznie narciarskie - Austria - Statystyki

Ogólne statystyki
  • Ten quiz został rozwiązany 79 razy
  • Średni wynik to 4 z 9
Statystyki odpowiedzi
Obrazkowy Odpowiedź % Poprawnych
Innsbruck
97%
Bad Mitterndorf / Kulm / Tauplitz
89%
Villach
62%
Ramsau
46%
Seefeld
46%
Hinzenbach
35%
Stams
30%
Bischoschofen
22%
Eisenerz
17%
Nie znaleziono quizów pasujących do podanych kryteriów
Rozkład punktacji
Procent ludzi z każdym wynikiem
Percentyl według liczby udzielonych odpowiedzi
Twoja historia wyników
Nie rozwiązałeś tego quizu